| 000 | 02111cam a2200421M 4500 | ||
|---|---|---|---|
| 999 |
_c80336 _d80336 |
||
| 003 | BJBSDDR | ||
| 005 | 20230410130802.0 | ||
| 007 | ta | ||
| 008 | 091110s2003 nyu 000 u eng d | ||
| 020 | _a0231125887 (cl. : alk. paper) | ||
| 020 | _a9780231125888 (cl. : alk. paper) | ||
| 020 | _a0231125895 (pbk. : alk. paper) | ||
| 020 | _a9780231125895 (pbk. : alk. paper) | ||
| 029 | 0 |
_aDKDLA _b29410566 |
|
| 029 | 1 |
_aDKDLA _b27671729 |
|
| 029 | 1 |
_aDKDLA _b28520628 |
|
| 035 | _a(OCoLC)ocn464483737 | ||
| 035 | _a(OCoLC)464483737 | ||
| 040 |
_aDKDLA _bdan _cDKDLA |
||
| 041 | _aeng | ||
| 049 | _aGRAL | ||
| 050 | 1 | 4 |
_aPN 4756 _bT443 2003 |
| 082 | 0 | 0 | _a174/.9097 |
| 245 | 0 | 0 |
_aThinking clearly : _bcases in journalistic decision-making / _cedited by Thomas Rosenstiel and Amy Mitchell. |
| 260 |
_aNew York : _bColumbia University Press, _c2003. |
||
| 300 |
_ax, 265 p. ; _c23 cm. |
||
| 504 | _aIncludes bibliographical references. | ||
| 505 | _aIntroduction, by James W. Carey 1. McCarthyism, 1950-1954, by John Herbers 2. Internet Journalism and the Starr Investigation, by J.D. Lasica 3. Columbine School Shooting: Live Television Coverage, by Alicia C. Shepard 4. Minnesota Basketball Cheating Case, by Geneva Overholser 5. The Massacre in El Mozote, by Stanley Meisler 6. Watergate, by James M. Perry 7. New Orleans Times-Picayune Series on Racism, by Jack Nelson 8. John McCain's 2000 Presidential Campaign: Political Reporting, by Jon Margolis | ||
| 520 | _aThis is a survey of real-life moments when people working in the news had to make critical decisions. Questions of craft, ethics, competition and commerce combine in case studies that examine the issues that shape the production and presentation of the news in the 21st century. | ||
| 650 | 4 |
_aJournalistic ethics _xCase studies |
|
| 650 | 4 |
_aEtica periodística _91335 _vEstudio de casos |
|
| 650 | 4 |
_aReporters and reporting _xCase studies. |
|
| 650 | 4 |
_aReportajes _91322 _vEstudio de casos |
|
| 700 | 1 |
_aRosenstiel, Tom. _91336 _eeditor |
|
| 700 | 1 |
_aMitchell, Amy _919265 _eeditora |
|
| 942 |
_2lcc _cBK |
||
| 946 | _aFHM | ||